000 00336nam a2200097Ia 4500
008 220120s9999||||xx |||||||||||||| ||und||
100 _aManjunath, Ajith R.S and Charan N.M
_912424
245 0 _aAlive human being detector in war fields
260 _aCoorg Institute of Technology
_bPonnampet
_c2012
650 _aELECTRONICS AND COMMUNICATIONS
999 _c138011
_d138011